| 000 | 00416pab a2200157 454500 | ||
|---|---|---|---|
| 008 | 180718b2014 xxu||||| |||| 00| 0 eng d | ||
| 100 | _aVenkataraman, Madalasa | ||
| 245 | _aAnalysing urban growth boundary effects on the city Bengaluru | ||
| 260 | _c2014 | ||
| 300 | _ap.54-61. | ||
| 362 | _a29 Nov | ||
| 650 | _aUrban development | ||
| 773 | _aEconomic and Political Weekly | ||
| 908 | _aN | ||
| 909 | _a105531 | ||
| 999 |
_c105526 _d105526 |
||